000 00380nam a2200133Ia 4500
005 20260328101445.0
008 260328s9999||||xx |||||||||||||| ||und||
100 _aFonseca Martínez, Lorenzo
245 0 _aArte de la tierra :
_b Cultura Tumaco /
_cLorenzo Fonseca Martínez
260 _bFondo de Promoción de la Cultura
300 _a84 p.
650 _aARQUITECTURA
942 _cBK
999 _c8438
_d8438